|
|
|
|
| LEADER |
00000ny a22000003n 4500 |
| 005 |
20110606120031.0 |
| 008 |
970414s1991 sp s 000 0 spa c |
| 020 |
|
|
|a 8476981589
|
| 035 |
|
|
|a 1193
|
| 040 |
|
|
|a UMA.DER
|d vLex
|
| 040 |
|
|
|a UMA.RE
|d vLex
|
| 080 |
|
|
|a 347.794(460)
|
| 090 |
|
|
|c 480
|d 480
|
| 100 |
1 |
|
|a Martn̕ez Jimňez, M® Isabel
|
| 245 |
1 |
4 |
|a Los contratos de explotacin̤ del buque, especial referencia al fletamento por tiempo
|h [Recurso electrn̤ico]
|c M® Isabel Martn̕ez Jimňez ; prl̤ogo del Profesor Ignacio Arroyo Martn̕ez
|
| 256 |
|
|
|a Servicio en ln̕ea
|
| 260 |
|
|
|a Barcelona :
|b Jos ̌Mr̀ia Bosch,
|c 1991
|
| 300 |
|
|
|a 496 p. ;
|c 25 cm
|
| 504 |
|
|
|a Indices
|
| 506 |
1 |
|
|a Contenido solo disponible en los productos indicados
|d vLex Global
|d vLex Global (Academic Edition, excluding Law Schools)
|d vLex Global (U.S. Academic Edition, Law Schools)
|d vLex Global (U.S. Academic Edition, excluding Law Schools)
|d vLex Global (Academic Edition, Law Schools)
|
| 650 |
0 |
7 |
|a Derecho mart̕imo
|2 Tesauro vLex
|
| 650 |
0 |
7 |
|a Contratos mart̕imos
|2 Tesauro vLex
|
| 700 |
1 |
|
|a Arroyo Martn̕ez,
|c Ignacio,
|e pr
|
| 740 |
0 |
|
|a vLex Libros (Servicios en ln̕ea)
|
| 856 |
4 |
0 |
|u http://vlex.com/source/1193
|z Acceso restringido
|
| 942 |
|
|
|c BOOK
|
| 999 |
0 |
|
|a Maritime law
|b Barcelona
|